000 00722nam a2200289Ia 4500
005 20260324130654.0
008 008 260324s9999 xx 000 0 eng d
020 _a9780429249150
037 _aEBOOK
040 _aCRL
040 _beng
040 _cCRL
041 _2eng
041 _aeng
084 _qCRL
100 _aDavid Silverstein; Neil DeCarlo; Michael Slocum
_91182661
245 0 _aInsourcing Innovation
245 0 _bHow to Achieve Competitive Excellence Using TRIZ
260 _bTaylor and Francis
260 _c2007
365 _a
365 _b120
856 _uhttp://www.taylorfrancis.com/books/9780429249150
942 _cEBOOK
999 _c1779037
_d1779037